000 01077nam a22002897a 4500
001 9773
003 FISKH
005 20260213143647.0
008 260213b cb ||||| |||| 00| 0 eng d
020 _a078073003990
040 _aFISKH
_beng
_cFISKH
_dFISKH
082 _a813
100 _aMlodinow , Leonard
245 _aThe last dinosaur /
_cby Leonard Mlodinow & Matt Costello : Illustrated by Joshua Nash
260 _aNew York :
_bScholastic ,
_c2004 .
300 _a58 pages :
_billustrations ;
_c19 cm .
490 _aKids of Einstein Elementary
_v1
505 _aG
520 _aThree kids travel to the time of the dinosaurs. They are trying to help a baby dinosaur find his mother. But an asteroid is about to hit the Earth. And a scary meat-eater is chasing them! Only math can save them! And you can help the kids figure out what to do!
521 8 _a380
_bLexile
521 8 _aG
_bRaz-Plus
650 _aMath
_vFiction
650 _aDinosaurs
_vFiction
700 _aNash , Joshua
_eIllustrator
942 _2ddc
_cBK
_n0
999 _c9773
_d9773